| 000 | 00000nam##2200000za#4500 |
| 001 | 9.575004 |
| 003 | CaOODSP |
| 005 | 20210624184445 |
| 007 | cr ||||||||||| |
| 008 | 150406|2003||||xxc|||||o f|0| 0 eng|d |
| 022 | |a1488-5379 |
| 040 | |aCaOODSP|beng |
| 043 | |an-cn--- |
| 086 | 1 |aFs97-6/2490E-PDF |
| 110 | 1 |aCanada. |bDepartment of Fisheries and Oceans. |
| 245 | 10|aDiameter measurements for identification for the first and second annulus on dorsal fin ray sections from Lingcod (Ophiodon elongatus) / |h[electronic resource]|cby A.M. Surry and J.R. King. |
| 260 | |aNanaimo - British Columbia : |bFisheries and Oceans Canada |cc2003. |
| 300 | |a29p.|bfigs., references, tables |
| 490 | 1 |aCanadian technical report of fisheries and aquatic sciences|x1488-5379|vNo. 2490 |
| 500 | |aThe catalogue number and ISSN for the print edition appear in this electronic version. |
| 590 | |a12-37-Supp|b2012-09-24 |
| 720 | 1 |aKing, J. R. |
| 720 | 1 |aSurry, A. M. |
| 830 | #0|aCanadian technical report of fisheries and aquatic sciences,|x1488-5379|vNo. 2490|w(CaOODSP)9.504449 |
| 856 | 40|ahttp://publications.gc.ca|qPDF|s2828 KB|uhttps://publications.gc.ca/collections/collection_2012/mpo-dfo/Fs97-6-2490-eng.pdf|yNo. 2490 |